000 00596nam a2200181Ia 4500
003 GCL
008 140319s9999 xx 000 0 ara d
040 _aGCL /
_cGCL
082 0 4 _a025.33
_bم ف
100 1 _aمحمد فتحى عبدالهادى
245 1 0 _aالفهرسة الموضوعية: دراسة فى رؤوس الموضوعات وقوائمها /
_cمحمد فتحى عبدالهادى
490 _a
650 0 4 _aالفهرسة الموضوعية
650 0 4 _aالتكشيف
650 0 4 _aالمكتبات، علم
650 0 4 _aرؤوس الموضوعات
942 _2ddc
_cBK
999 _c29274
_d29274